Adaptive value of ryegrass biotypes with low-level resistance and susceptible to the herbicide fluazifop and competitive ability with the wheat culture (Registro n. 235022)
[ somente texto ]
| 000 -LÍDER | |
|---|---|
| campo de controle de tamanho fixo | 00951nas a2200313 4500 |
| 001 - NÚMERO DE CONTROLE | |
| campo de controle | BR2014000614 |
| 003 - IDENTIFICADOR DO NÚMERO DE CONTROLE | |
| campo de controle | BR-BrBNA |
| 005 - DATA E HORÁRIO DA ÚLTIMA TRANSAÇÃO | |
| campo de controle | 20231205123645.0 |
| 007 - CAMPO FIXO DE DESCRIÇÃO FÍSICA--INFORMAÇÃO GERAL | |
| campo de controle de tamanho fixo | ta |
| 008 - CAMPO DE DADOS FIXOS--INFORMAÇÃO GERAL | |
| campo de controle de tamanho fixo | 230509b bl.|||p| |||| 00| 00por d |
| 040 ## - FONTE DA CATALOGAÇÃO | |
| Instituição da catalogação original | BR-BrBNA |
| Idioma da catalogação | por |
| Instituição que transcreveu o registro | Biblioteca Nacional de Agricultura |
| 041 ## - CÓDIGO DE IDIOMA | |
| Código do idioma do texto/trilha sonora ou título diferente | (En) |
| 072 ## - CÓDIGO DE CATEGORIA DE ASSUNTO | |
| Código de Categoria de Assunto | H60 |
| 100 1# - ENTRADA PRINCIPAL--NOME PESSOAL | |
| Nome pessoal | Fraga, D.S. |
| 100 1# - ENTRADA PRINCIPAL--NOME PESSOAL | |
| Nome pessoal | Agostinetto, D. |
| 100 1# - ENTRADA PRINCIPAL--NOME PESSOAL | |
| Nome pessoal | Vargas, L. |
| 100 1# - ENTRADA PRINCIPAL--NOME PESSOAL | |
| Nome pessoal | Nohatto, M.A. |
| 100 1# - ENTRADA PRINCIPAL--NOME PESSOAL | |
| Nome pessoal | Thürmer, L. |
| 100 1# - ENTRADA PRINCIPAL--NOME PESSOAL | |
| Nome pessoal | Holz, M.T. |
| 245 1# - TÍTULO | |
| Título | Adaptive value of ryegrass biotypes with low-level resistance and susceptible to the herbicide fluazifop and competitive ability with the wheat culture |
| 650 ## - ASSUNTO--TERMO TÓPICO | |
| Cabeçalho tópico ou nome geográfico | TRIGO |
| 650 ## - ASSUNTO--TERMO TÓPICO | |
| Cabeçalho tópico ou nome geográfico | AZEVÉM |
| 650 ## - ASSUNTO--TERMO TÓPICO | |
| Cabeçalho tópico ou nome geográfico | ERVA DANINHA |
| 650 ## - ASSUNTO--TERMO TÓPICO | |
| Cabeçalho tópico ou nome geográfico | HERBICIDA |
| 650 ## - ASSUNTO--TERMO TÓPICO | |
| Cabeçalho tópico ou nome geográfico | ACLIMATAÇÃO |
| 773 0# - ENTRADA ANALÍTICA | |
| Título | Planta Daninha (Brazil) |
| ISSN - International Standard Serial Number | ISSN 0100-8358 |
| Partes relacionadas | (2013), v. 31(4) p. 875-885 |
| Número de controle do registro | BR2014000614 |
| 909 ## - | |
| -- | 202311 |
| -- | Lúcia |
| -- | 55 |
| -- | Lúcia Elande |
| 942 ## - ELEMENTOS DE ENTRADA ADICIONADOS (KOHA) | |
| Fonte da classificação ou esquema de arquivamento na estante | Classificação AGRIS |
| Ocultar no OPAC | Não |
| Tipo de material Koha | Analítica |
| Situação do descarte | Fonte da classificação ou esquema de arquivamento na estante | Situação física | Não pode ser emprestado | Biblioteca de origem | Biblioteca atual | Localização na estante | Enumeração do periódico / cronologia | Total de empréstimos | Data de último acesso | Número do exemplar | Tipo de material Koha | Fonte de aquisição |
|---|---|---|---|---|---|---|---|---|---|---|---|---|
| Classificação AGRIS | Consulta local | Biblioteca Nacional de Agricultura - Binagri | Biblioteca Nacional de Agricultura - Binagri | (2013), v. 31(4) p. 875-885 | 29/11/2023 | 01 | Periódicos | Portaria Interministerial nº 164/94 |

BINAGRI